Relación diaria del viaje de Jacobo Le Maire y Guillermo Cornelio Schouten en que descubrieron nuevo estrecho y pasaje del Mar del Norte al Mar del Sur, a la parte austral del Estrecho de Magallanes. Reimpresa con una nota bibliográfica de J. T. Medina

Gorde:
Xehetasun bibliografikoak
Egile Nagusiak: Le Maire, Jocobo (Egilea), Schouten, Guillermo Cornelio (Egilea)
Beste egile batzuk: Medina, José Toribio (nota bibliográfica)
Formatua: Liburua
Hizkuntza:gaztelania
Argitaratua: Santiago Imprenta Elzeviriana 1897
Edizioa:1a. ed
Gaiak:
Etiketak: Etiketa erantsi
Etiketarik gabe, Izan zaitez lehena erregistro honi etiketa jartzen!

MARC

LEADER 00000nam a2200000 a 4500
001 UCJ5384
003 CL-VaPUC
005 20250227100124.0
008 070124e18970000CL |||||||||||||||||spa|d
999 |c 321493  |d 321491 
040 |c Pontificia Universidad Católica de Valparaíso 
082 0 4 |a 910.4  |b LEM  |2 21 
100 0 |a Le Maire, Jocobo  |e author  |9 510513 
245 1 0 |a Relación diaria del viaje de Jacobo Le Maire y Guillermo Cornelio Schouten en que descubrieron nuevo estrecho y pasaje del Mar del Norte al Mar del Sur, a la parte austral del Estrecho de Magallanes. Reimpresa con una nota bibliográfica de J. T. Medina 
250 |a 1a. ed 
260 |a Santiago  |b Imprenta Elzeviriana  |c 1897 
300 |a 56 p 
583 |a last modification  |c 20070124 00:00:00  |k Rodrigo Vera 
650 0 |a Viajes  |9 257115 
650 0 |a Descubrimientos geográficos  |9 331933 
650 7 |a NAVEGANTES  |2 CL-VaPUC  |9 450740 
650 7 |a DOCUMENTOS  |2 CL-VaPUC  |9 366450 
650 7 |a DIARIO  |2 CL-VaPUC  |9 441581 
650 7 |a BITACORA  |2 CL-VaPUC  |9 371736 
651 0 |a Canal Beagle   |9 266960 
700 0 |a Schouten, Guillermo Cornelio  |e author  |9 510514 
700 0 |a Medina, José Toribio  |e nota bibliográfica  |9 864513 
942 |c BK  |2 ddc 
945 |d 20070124 00:00:00  |a rinostro 
952 |0 0  |1 0  |4 0  |6 910_400000000000000_LEM_1897  |7 0  |8 X  |9 400255  |a FDOBUD  |b FDOBUD  |d 2019-11-22  |i 1033980  |o 910.4 LEM 1897  |p 1033980  |r 2019-11-22  |w 2019-11-22  |y BK_X  |k BUD